000 00315nam a22001457a 4500
008 210607b ||||| |||| 00| 0 eng d
020 _a9780536912336
041 _aeng
080 _25th
_a510
082 _a510
100 _a38
101 _aMAT
245 _aIntroductory Calculus
_cDale Ewen
942 _2udc
_cBK
999 _c57994
_d57994